Aus der Welt gefallen : Die Geographie der Verschollenen (Record no. 44751)

MARC details
000 -LEADER
fixed length control field 01245nam a2200253Ia 4500
000 - LEADER
fixed length control field 01542naaa 00289uu
001 - CONTROL NUMBER
control field https://directory.doabooks.org/handle/20.500.12854/68041
005 - DATE AND TIME OF LATEST TRANSACTION
control field 20260218105534.0
008 - FIXED-LENGTH DATA ELEMENTS--GENERAL INFORMATION
fixed length control field 211013s9999 xx 000 0 und d
020 ## - INTERNATIONAL STANDARD BOOK NUMBER
International Standard Book Number 9783846760802
024 ## - OTHER STANDARD IDENTIFIER
Standard number or code 10.30965/9783846760802
042 ## - AUTHENTICATION CODE
Authentication code dc
245 #0 - TITLE STATEMENT
Title Aus der Welt gefallen : Die Geographie der Verschollenen
260 ## - PUBLICATION, DISTRIBUTION, ETC.
Name of publisher, distributor, etc. Brill
Date of publication, distribution, etc. 2019
300 ## - PHYSICAL DESCRIPTION
Extent 1 electronic resource (203 p.)
520 ## - SUMMARY, ETC.
Summary, etc. Drawing from the archive of the Perthes publishing house, this study reconstructs how cast away explorers shaped not only the literary imagination but also the history of cartography. Petermanns Geographische Mitteilungen, one of the most prestigious geographical journals in 19th century Europe, extensively propel the stories of those who got lost in the process of exploration.
540 ## - TERMS GOVERNING USE AND REPRODUCTION NOTE
Terms governing use and reproduction Creative Commons
653 ## - INDEX TERM--UNCONTROLLED
Uncontrolled term Literary studies: from c 1900 -
700 1# - ADDED ENTRY--PERSONAL NAME
Personal name Kuhn, Kristina
700 1# - ADDED ENTRY--PERSONAL NAME
Personal name Struck, Wolfgang
856 ## - ELECTRONIC LOCATION AND ACCESS
Uniform Resource Identifier <a href="https://docs.google.com/spreadsheets/d/1yKIrdCPDAG_9c22mwoOIO2DOhtj65Wqa/edit?usp=sharing&ouid=106555315294820607512&rtpof=true&sd=true ">https://docs.google.com/spreadsheets/d/1yKIrdCPDAG_9c22mwoOIO2DOhtj65Wqa/edit?usp=sharing&ouid=106555315294820607512&rtpof=true&sd=true </a>
Link text List of Curated E-Books
942 ## - ADDED ENTRY ELEMENTS (KOHA)
Koha item type E-Book
Holdings
Withdrawn status Source of classification or shelving scheme Damaged status Not for loan Home library Current library Date acquired Total Checkouts Date last seen Price effective from Koha item type
  Library of Congress Classification   Not For Loan Directory of Open Access Books Directory of Open Access Books 12/22/2021   12/22/2021 12/22/2021 E-Book

University of Rizal System
Email us at univlibservices@urs.edu.ph

Visit our Website www.urs.edu.ph/library